000 00295nam a22001337a 4500
008 181224b xxu||||| |||| 00| 0 eng d
020 _a0070701725
041 _aeng
080 _25 TH
_a370
100 _a47
101 _aEDU
245 _aCreating Composition
_cWiener.H..S
942 _2udc
_cBK
999 _c53717
_d53717